Statistics for The Simpsons First name Quiz

Click here to take the quiz!

General Stats

  • This quiz has been taken 234 times
  • The average score is 28 of 45

Answer Stats

Last NameFirst Name% Correct
SimpsonBart
100%
SimpsonHomer
99%
SimpsonLisa
99%
SimpsonMaggie
99%
SimpsonMarge
99%
FlandersNed
95%
SimpsonAbe
87%
FlandersTodd
86%
NahasapeemapetilonApu
83%
SzyslakMoe
83%
BookGuyComic
82%
KrabappelEdna
81%
WiggumRalph
81%
FlandersRod
81%
BouvierSelma
81%
GumbleBarney
80%
BouvierPatty
78%
CarlsonCarl
77%
LeonardLenny
75%
MuntzNelson
75%
VanHoutenMillhouse
74%
BobSideshow
74%
BrockmanKent
72%
SkinnerSeymour
69%
VanHoutenKirk
68%
PrinceMartin
67%
McClureTroy
67%
MolemanHans
64%
SmithersWaylon
60%
LovejoyHelen
58%
VanHoutenLuann
53%
SkinnerAgnes
46%
BurnsCharles
44%
JonesJimbo
44%
LovejoyTimothy
44%
QuimbyJoseph
28%
ChalmersGary
24%
TamzarianArmin
23%
ZzyzwiczKearney
23%
StarbeamDolph
18%
HooverElizabeth
15%
VanHorneMelvin
12%
ChalmersShauna
12%
WiggumClarence
7%
MacDougalWilliam
7%

Score Distribution

Percentile by Number Answered

Percent of People with Each Score

Your Score History

You have not taken this quiz